| 000 | 00619nam a2200205 a 4500 | ||
|---|---|---|---|
| 001 | BRCA_3833 | ||
| 005 | 20190320204436.0 | ||
| 008 | 021209s2005----u--a######---#000-0#eng-u | ||
| 020 | _a9780975398418 | ||
| 041 | _aeng | ||
| 044 | _au | ||
| 050 | 4 |
_aN635 _b.S45 2005 |
|
| 245 | 1 | 0 | _aSelected Works. |
| 250 | _a2 | ||
| 260 |
_aEstados Unidos _bUniversity of Notre Dame _c2005 |
||
| 300 |
_a300 p. _bil. (algunas a color) _c25 cm. |
||
| 500 | _aPublicado en conmemoración del 25 aniversario de la construcción del Snite Museum of Art | ||
| 650 | 1 | 4 |
_aMuseos de arte _vCatálogos _zEstados Unidos _99983 |
| 942 |
_2lcc _cB |
||
| 999 |
_c3561 _d3561 |
||